000 00424 a2200145 4500
005 20250623120540.0
020 _a0 521 82612 8
082 _aLM 531.11 GRE
100 _aGREENWOOD, D. T.
245 _aAdvanced Dynamics
260 _aCambridge,
_bCambridge University Press,
_c2003.
300 _ax, 425p.: ill.; figures
_bIndex
_c26cm.
856 _yAccess Online Book
_fAdvanced Dynamics
_dwww.cambridge.org
942 _2ddc
_cBKS
999 _c3777
_d3777